000 01430nam0a22002891 4500
001 rc\3202834
005 20130115135558.0
021 _aRU
_b[77-7161]
035 _a(NLR Aleph) 007462736
090 _a7334271
_c7334271
100 _a20130115d1976 |||y0rusy50 ca
101 0 _arus
102 _aRU
105 _aab z |||||
200 1 _aГеоморфология и геология четвертичного периода севера Европейской части СССР
_e[Сборник статей]
_fКарельск. филиал АН СССР, Ин-т геологии, Сев. филиал Геогр. о-ва СССР, Карел. отд
_g[Ред. д-р геогр. наук Г.С. Бискэ]
210 _aПетрозаводск
_cКарельск. филиал АН СССР
_d1976
215 _a145 с.
_cил., карт.
_d26
320 _aСписки лит. в конце статей
606 _aЧетвертичные отложения
_yСевер Европейской части СССР
_2psbo
606 _aГеоморфология
_yСевер Европейской части СССР
_2psbo
702 1 _aБискэ
_bГ. С.
_gГалина Сергеевна
_4340
712 0 2 _aИнститут геологии
_cПетрозаводск
_3RU\NLR\AUTH\889981431
801 0 _aRU
_bNLR
_gpsbo
801 1 _aRU
_bELAR
_2rusmarc
852 _aNLR
_j77-7/391
942 _cBOOK
980 _aNB